000 01810nam a2200349 c 4500
999 _c57698
_d57698
003 BLK
005 20230605111042.0
008 180408b bul|||||r ||||||| ||bul||
010 _aKNG00061706000
040 _aBLK
041 _aBUL
_cBUL
080 _aМеханично действащи средства - Използване на дразнещи кожата средства за лечение:пиявици, акупунктура, пчелно ожилване, изкуствено дишане, реанимация, сърдечен масаж, пейсмейкъри
_b615.81
_x(035)
_z615.81(035)
100 1 _aТикочинска, Eсфир Давидовна
_eпърви автор
_9128775
139 _aТикочинска, Eсфир Давидовна
_bТ 54
245 1 0 _aОснови на иглорефлексотерапията
_bРъководство
_cEсфир Давидовна Тикочинска; прев. от рус. Игор Апостолов Николаев.
257 _aSUN
260 _aСофия
_bМедицина и физкултура
_c1982
_fПловдив : Д. Благоев
300 _a351 с.
_bс ил., табл.
_c22 см
380 _a61
500 _aОриг. загл. Основы иглорефлексотерапии. - Библиогр. с. 333-350.
650 4 _aАкупунктура - наръчници и ръководства
_9253024
653 _aакупунктура
653 _aнаръчници
700 1 _aНиколаев, Игор Апостолов
_eпрев. от рус.
_9287800
852 _aЦб 116669
856 4 _qpdf
856 4 _qpdf
942 _cKNG
_n0
_s1
_01
944 _aCR
_c13.06.2004
_kЧиталня
944 _aED
_c07.10.2015
_kМилена_Ачева
999 _d57698